000
00213nam a2200109Ia 4500
100
_a
#N/A
942
_c
BK
654
_a
sympathize
245
_a
Peaple's Skill for Executives
260
_b
#N/A
546
_a
ENGLISH
999
_c
25033
_d
25033